000 00810nam a2200253Ia 4500
003 OSt
005 20220923222756.0
006 a|||||r|||| 00| 0
007 ta
008 220922b |||||||| |||| 00| 0 hin d
024 _a207,785
037 _cTextual
040 _aARTS
_cARTS
_bhin
041 _2hin
_ahin
082 _aO152,8NPA15x, M1
100 _aपाटिल, मधुसूदन
_9156279
245 0 _aअथ व्यंग्यम्
246 _aAth vyangyam
260 _aदिल्ली
_b सस्ता साहित्य भंडार
_c1981
300 _a92पृ.
_ccm.
650 _aहिन्दी साहित्य
_9156264
942 _hO152,8NPA15x, M1
_cTEXL
_2CC
999 _c358402
_d358402